00170nam a2200073Ia 4500008004100000100001700041245002900058260000900087190216s9999||||xx |||||||||||||| ||und|| aGupthan Nair 0aChila Pachathya Kathakal bNull